[Event "Amsterdam Science Park op-A"]
[Site "Amsterdam"]
[Date "2023.07.20"]
[Round "6"]
[White "Blees, Albert"]
[Black "Van Baar, Esper"]
[Result "1-0"]
[WhiteElo "2319"]
[BlackElo "2180"]
[PlyCount "79"]
[EventDate "2023.07.15"]
[EventType "swiss"]
[EventRounds "9"]
[EventCountry "NED"]
[SourceTitle "CBM 215 Extra"]
[Source "ChessBase"]
[SourceDate "2023.09.30"]
[SourceVersion "1"]
[SourceVersionDate "2023.09.30"]
[SourceQuality "1"]

1. c4 c6 2. d4 d5 3. Nf3 Nf6 4. Qc2 dxc4 5. Qxc4 Bf5 6. Nc3 e6 7. g3 Be7 8. Bg2 0-0 9. 0-0 Nbd7 10. Bf4 Qb6 11. Nh4 Bg6 12. Nxg6 hxg6 13. e4 Rfd8 14. Rab1 a5 15. a3 Qa6 16. Qa4 Nb6 17. Qd1 Qc4 18. Qe2 Rd7 19. Rfd1 Rad8 20. Qc2 a4 21. h3 Qb3 22. Qxb3 axb3 23. Bf1 c5 24. Bb5 cxd4 25. Ne2 Nxe4 26. Bxd7 Rxd7 27. Rxd4 Rxd4 28. Nxd4 Nc5 29. Bd2 e5 30. Nf3 Nd3 31. Bc3 f6 32. Nd2 Nc5 33. Bb4 Bf8 34. Bxc5 Bxc5 35. Nxb3 Be7 36. Na5 Kf7 37. Nxb7 Nc4 38. a4 Bb4 39. b3 Nd2 40. Rc1 1-0

[Event "Amsterdam Science Park op-A"]
[Site "Amsterdam"]
[Date "2023.07.15"]
[Round "1"]
[White "Jansen, Norbert"]
[Black "Blees, Albert"]
[Result "1/2-1/2"]
[WhiteElo "2007"]
[BlackElo "2319"]
[PlyCount "97"]
[EventDate "2023.07.15"]
[EventType "swiss"]
[EventRounds "9"]
[EventCountry "NED"]
[SourceTitle "CBM 215 Extra"]
[Source "ChessBase"]
[SourceDate "2023.09.30"]
[SourceVersion "1"]
[SourceVersionDate "2023.09.30"]
[SourceQuality "1"]

1. e4 e6 2. d4 d5 3. Nc3 Nf6 4. e5 Nfd7 5. f4 c5 6. Nf3 Nc6 7. Be3 Qb6 8. Na4 Qa5+ 9. c3 c4 10. b4 cxb3 11. axb3 Qc7 12. Bd3 Be7 13. 0-0 f5 14. Kh1 b6 15. Rc1 Qb7 16. Qe2 a6 17. b4 Nd8 18. Bf2 Nf8 19. Bh4 Ng6 20. Bg3 Bd7 21. Ra1 Nc6 22. Ng5 Bxg5 23. fxg5 Nce7 24. Kg1 Bxa4 25. Rxa4 b5 26. Ra3 Nc8 27. h4 Nb6 28. Rxa6 Nc4 29. Rxe6+ Ne7 30. Bxf5 0-0 31. Bd3 Rxf1+ 32. Kxf1 Qd7 33. Bxh7+ Kxh7 34. Qh5+ Kg8 35. Rxe7 Ra1+ 36. Ke2 Qxe7 37. g6 Qe6 38. Qh7+ Kf8 39. Qh8+ Qg8 40. Qh5 Ke7 41. Qg5+ Kd7 42. h5 Qe6 43. Bh4 Kc6 44. h6 gxh6 45. Qf6 Ra2+ 46. Ke1 Kd7 47. Qg7+ Kc6 48. Qf6 Kd7 49. Qg7+ 1/2-1/2

[Event "Spakenburg FishPartners op"]
[Site "Spakenburg"]
[Date "2023.07.08"]
[Round "4"]
[White "Blees, Albert"]
[Black "Van Twillert, Laurents"]
[Result "1-0"]
[WhiteElo "2319"]
[BlackElo "2062"]
[PlyCount "67"]
[EventDate "2023.07.08"]
[EventType "swiss (rapid)"]
[EventRounds "7"]
[EventCountry "NED"]
[SourceTitle "CBM 215 Extra"]
[Source "ChessBase"]
[SourceDate "2023.09.30"]
[SourceVersion "1"]
[SourceVersionDate "2023.09.30"]
[SourceQuality "1"]

1. d4 d5 2. c4 c6 3. Nc3 Nf6 4. Nf3 e6 5. g3 Bd6 6. Bg2 Nbd7 7. 0-0 0-0 8. b3 b6 9. Qc2 Bb7 10. e4 dxe4 11. Nxe4 Nxe4 12. Qxe4 Nf6 13. Qe2 c5 14. dxc5 Bxc5 15. Rd1 Qe7 16. Bb2 Rad8 17. Ne5 Bxg2 18. Kxg2 Qb7+ 19. Qf3 Qxf3+ 20. Kxf3 Rc8 21. Nd7 Nxd7 22. Rxd7 Rfd8 23. Rad1 Rxd7 24. Rxd7 a5 25. Bd4 Bxd4 26. Rxd4 f6 27. Rd6 Rb8 28. Rxe6 b5 29. c5 Rc8 30. c6 Kf7 31. Rd6 Rc7 32. Ke4 Ke7 33. Kd5 a4 34. b4 1-0

[Event "NED-chT 1920"]
[Site "Netherlands"]
[Date "2020.02.01"]
[Round "5.2"]
[White "Warmerdam, Max"]
[Black "Blees, Albert"]
[Result "1-0"]
[WhiteElo "2497"]
[BlackElo "2318"]
[PlyCount "88"]
[EventDate "2019.09.28"]
[EventType "team-tourn"]
[EventRounds "9"]
[EventCountry "NED"]
[SourceTitle "CBM 195 Extra"]
[Source "ChessBase"]
[SourceDate "2020.05.31"]
[SourceVersion "1"]
[SourceVersionDate "2020.05.31"]
[SourceQuality "1"]
[WhiteTeam "Apeldoorn MuConsult"]
[BlackTeam "Caissa"]
[WhiteTeamCountry "NED"]
[BlackTeamCountry "NED"]

1. e4 c5 2. Nf3 e6 3. d4 cxd4 4. Nxd4 a6 5. Qd3 Qc7 6. Qg3 Qxg3 7. hxg3 Nf6 8. Nc3 Bb4 9. Bd3 d5 10. exd5 Nxd5 11. Bd2 Nxc3 12. bxc3 Bc5 13. Rb1 Nd7 14. Nb3 Bb6 15. c4 Nc5 16. Nxc5 Bxc5 17. Bc3 Kf8 18. Rh5 b6 19. g4 Bd7 20. Ke2 Re8 21. f3 f5 22. Kd2 Kf7 23. gxf5 exf5 24. Bxf5 Rd8 25. Bd3 h6 26. Bb4 Bd4 27. c5 a5 28. Ba3 b5 29. Bb2 Bf2 30. Rf1 Bg3 31. f4 Rhe8 32. Re5 Bc6 33. Rxe8 Rxe8 34. Be5 h5 35. Be2 Rd8+ 36. Ke3 g6 37. Bf3 Bxf3 38. Rxf3 h4 39. c6 Ke6 40. c7 Re8 41. Ke4 g5 42. Rc3 Rc8 43. f5+ Ke7 44. Bxg3 hxg3 1-0

[Event "NED-chT 1920"]
[Site "Netherlands"]
[Date "2019.11.02"]
[Round "2.1"]
[White "Tiviakov, Sergei"]
[Black "Blees, Albert"]
[Result "1-0"]
[WhiteElo "2593"]
[BlackElo "2318"]
[PlyCount "43"]
[EventDate "2019.09.28"]
[EventType "team-tourn"]
[EventRounds "9"]
[EventCountry "NED"]
[SourceTitle "CBM 193 Extra"]
[Source "ChessBase"]
[SourceDate "2020.01.31"]
[SourceVersion "1"]
[SourceVersionDate "2020.01.31"]
[SourceQuality "1"]
[WhiteTeam "Groningen Combinatie"]
[BlackTeam "Caissa"]
[WhiteTeamCountry "NED"]
[BlackTeamCountry "NED"]

1. e4 c5 2. c3 d5 3. exd5 Qxd5 4. d4 Nf6 5. Nf3 Bg4 6. Nbd2 e6 7. Bc4 Qd8 8. Qb3 Qc8 9. Ne5 a6 10. Nxg4 Nxg4 11. d5 b5 12. Be2 c4 13. Qd1 Nxf2 14. Kxf2 Bc5+ 15. Kf1 exd5 16. Nf3 0-0 17. Qxd5 Ra7 18. Bf4 Rd7 19. Qh5 Re8 20. Bxb8 g6 21. Qh3 Re6 22. Be5 1-0

[Event "NED-chT 1718"]
[Site "Netherlands"]
[Date "2017.11.25"]
[Round "4.3"]
[White "Zaragatski, Ilja"]
[Black "Blees, Albert"]
[Result "1-0"]
[WhiteElo "2497"]
[BlackElo "2374"]
[PlyCount "57"]
[EventDate "2017.09.16"]
[EventType "team-tourn"]
[EventRounds "9"]
[EventCountry "NED"]
[SourceTitle "CBM 181 Extra"]
[Source "ChessBase"]
[SourceDate "2017.12.12"]
[SourceVersion "1"]
[SourceVersionDate "2017.12.12"]
[SourceQuality "1"]
[WhiteTeam "SISSA"]
[BlackTeam "Rotterdam Pathena"]
[WhiteTeamCountry "NED"]
[BlackTeamCountry "NED"]

1. Nf3 Nf6 2. g3 c5 3. Bg2 d5 4. 0-0 g6 5. c4 d4 6. b4 cxb4 7. a3 bxa3 8. Qa4+ Bd7 9. Qb3 Bc6 10. Nxa3 Bg7 11. Nb5 Nfd7 12. Rxa7 Rxa7 13. Nxa7 0-0 14. Ba3 Re8 15. d3 Qa5 16. Nxc6 bxc6 17. Ra1 Nc5 18. Qb4 Qxb4 19. Bxb4 Ne6 20. Ra5 Kf8 21. Nd2 Rc8 22. c5 Nd7 23. Nc4 Nd8 24. Ra7 Ke8 25. Nb6 Nxb6 26. cxb6 c5 27. b7 Rb8 28. Bxc5 Kd7 29. Ra8 1-0

[Event "Haarlem Masters"]
[Site "Haarlem"]
[Date "2017.10.29"]
[Round "9"]
[White "Olsen, Filip Boe"]
[Black "Blees, Albert"]
[Result "0-1"]
[WhiteElo "2266"]
[BlackElo "2371"]
[PlyCount "78"]
[EventDate "2017.10.21"]
[EventType "tourn"]
[EventRounds "9"]
[EventCountry "NED"]
[EventCategory "4"]
[SourceTitle "CBM 181 Extra"]
[Source "ChessBase"]
[SourceDate "2017.12.12"]
[SourceVersion "1"]
[SourceVersionDate "2017.12.12"]
[SourceQuality "1"]

1. d4 Nf6 2. c4 d6 3. Nf3 Nbd7 4. Bf4 g6 5. e3 Bg7 6. h3 c5 7. Nc3 Qa5 8. Qc2 d5 9. Ne5 Nh5 10. Bh2 cxd4 11. exd4 Nxe5 12. dxe5 d4 13. Qa4+ Qxa4 14. Nxa4 g5 15. Nc5 Nf4 16. Nd3 Ng6 17. 0-0-0 Bf5 18. Re1 Rc8 19. b3 b5 20. Nb2 h5 21. Kd2 Kd7 22. Bd3 Bxd3 23. Kxd3 Ke6 24. cxb5 Rc3+ 25. Kxd4 Rc2 26. Nd3 Rd8+ 27. Ke4 f5+ 28. exf6 Bxf6 29. Rd1 Rd4+ 30. Ke3 Kf5 31. Bb8 Nh4 32. g4+ hxg4 33. hxg4+ Rxg4 34. Ne1 Re4+ 35. Kd3 Rxa2 36. Nc2 Re6 37. Bg3 Nf3 38. Rh6 Rb6 39. Ne3+ Ke6 0-1

[Event "Amsterdam Science Park op-A"]
[Site "Amsterdam"]
[Date "2017.07.16"]
[Round "9"]
[White "Ten Hertog, Hugo"]
[Black "Blees, Albert"]
[Result "1-0"]
[WhiteElo "2460"]
[BlackElo "2383"]
[PlyCount "97"]
[EventDate "2017.07.08"]
[EventType "swiss"]
[EventRounds "9"]
[EventCountry "NED"]
[SourceTitle "CBM 179 Extra"]
[Source "ChessBase"]
[SourceDate "2017.08.23"]
[SourceVersion "1"]
[SourceVersionDate "2017.08.23"]
[SourceQuality "1"]

1. c4 e6 2. Nf3 d5 3. e3 Nf6 4. b3 c5 5. Bb2 Nc6 6. cxd5 exd5 7. Bb5 a6 8. Bxc6+ bxc6 9. 0-0 Bd6 10. Nc3 Bg4 11. Rc1 0-0 12. h3 Bh5 13. d3 Re8 14. Re1 Re6 15. e4 Qe7 16. exd5 Bxf3 17. Rxe6 fxe6 18. Qxf3 exd5 19. Qe2 Qf7 20. Na4 Re8 21. Qf3 Qe7 22. g3 d4 23. Ba3 Nd5 24. Bxc5 Qg5 25. Rf1 Qh6 26. Bxd6 Qxd6 27. Kg2 h6 28. Rc1 Re6 29. Nc5 Rf6 30. Qe4 Nc3 31. Qe8+ Kh7 32. Ne4 Qd5 33. f3 Re6 34. Qf8 Qa5 35. Rc2 Nxe4 36. fxe4 Rf6 37. Qc5 Qe1 38. Qxd4 Qf1+ 39. Kh2 Qe1 40. Qg1 Rf1 41. Qg2 h5 42. e5 g6 43. h4 Kg7 44. e6 g5 45. e7 gxh4 46. gxh4+ Kf6 47. Qg5+ Kf7 48. Qxh5+ Kf6 49. e8N+ 1-0

[Event "Delft Prinsenstad op 10th"]
[Site "Delft"]
[Date "2017.04.15"]
[Round "3"]
[White "Blees, Albert"]
[Black "Bekker, Stefan"]
[Result "1-0"]
[WhiteElo "2383"]
[BlackElo "2310"]
[PlyCount "69"]
[EventDate "2017.04.14"]
[EventType "swiss"]
[EventRounds "6"]
[EventCountry "NED"]
[SourceTitle "CBM 177 Extra"]
[Source "ChessBase"]
[SourceDate "2017.04.27"]
[SourceVersion "1"]
[SourceVersionDate "2017.04.27"]
[SourceQuality "1"]

1. e4 c5 2. Nf3 d6 3. d4 cxd4 4. Nxd4 Nf6 5. Nc3 a6 6. Bc4 e6 7. Bb3 Be7 8. f4 Nc6 9. f5 Nxd4 10. Qxd4 0-0 11. fxe6 fxe6 12. 0-0 Ng4 13. Bf4 Bf6 14. Qd2 Qb6+ 15. Kh1 Bd4 16. Nd5 exd5 17. Bxd5+ Kh8 18. Be3 Rxf1+ 19. Rxf1 Be6 20. Bxd4 Qb5 21. c4 Qd7 22. Qf4 Bxd5 23. cxd5 Kg8 24. h3 Nh6 25. Rf3 Nf7 26. Rg3 g6 27. Qf6 Ne5 28. Bxe5 dxe5 29. Qxe5 Re8 30. Qd4 Qd6 31. Re3 Qf4 32. Re1 Qh4 33. Qe3 Re5 34. d6 Kf7 35. d7 1-0

[Event "NED-chT 1617"]
[Site "Netherlands"]
[Date "2017.03.11"]
[Round "7.5"]
[White "Blees, Albert"]
[Black "Beerdsen, Thomas"]
[Result "0-1"]
[WhiteElo "2381"]
[BlackElo "2402"]
[PlyCount "110"]
[EventDate "2016.09.17"]
[EventType "team-tourn"]
[EventRounds "9"]
[EventCountry "NED"]
[SourceTitle "EXT 2018"]
[Source "ChessBase"]
[SourceDate "2017.10.13"]
[SourceVersion "1"]
[SourceVersionDate "2017.10.13"]
[SourceQuality "1"]
[WhiteTeam "Rotterdam Pathena"]
[BlackTeam "Apeldoorn"]
[WhiteTeamCountry "NED"]
[BlackTeamCountry "NED"]

1. e4 e5 2. Nf3 Nc6 3. Bc4 Nf6 4. d3 h6 5. Nbd2 d6 6. c3 a6 7. Bb3 Qe7 8. Qe2 Be6 9. 0-0 0-0-0 10. Re1 g5 11. d4 g4 12. Nxe5 dxe5 13. d5 g3 14. hxg3 Bg4 15. f3 Nb8 16. fxg4 Qd7 17. Nc4 Nxg4 18. d6 h5 19. Rf1 Bxd6 20. Nxd6+ Qxd6 21. Bxf7 Qb6+ 22. Kh1 Nd7 23. Bg5 Rdf8 24. Rf5 Nh6 25. Bxh6 Qxh6 26. Raf1 h4 27. g4 Kb8 28. g5 Qg7 29. b4 Nb6 30. Qe3 Nc8 31. g6 h3 32. g3 h2 33. c4 Ne7 34. Rf6 Rh5 35. b5 axb5 36. cxb5 Nc8 37. a4 Rd8 38. Bd5 Nb6 39. a5 Nxd5 40. exd5 Qd7 41. Qf3 Rg5 42. b6 cxb6 43. axb6 Qb5 44. Rd6 Rc8 45. g4 Rxg4 46. Rf6 Qc4 47. d6 Qd4 48. Qf2 Rg1+ 49. Kxh2 Rg4 50. Rf8 Rh4+ 51. Kg2 Qe4+ 52. Qf3 Qc2+ 53. Rf2 Qxg6+ 54. Kf1 Qb1+ 55. Ke2 Re4+ 0-1

[Event "NED-chT 1617"]
[Site "Netherlands"]
[Date "2017.02.04"]
[Round "6.5"]
[White "Paulet, Iozefina"]
[Black "Blees, Albert"]
[Result "1-0"]
[WhiteElo "2250"]
[BlackElo "2381"]
[PlyCount "127"]
[EventDate "2016.09.17"]
[EventType "team-tourn"]
[EventRounds "9"]
[EventCountry "NED"]
[SourceTitle "EXT 2018"]
[Source "ChessBase"]
[SourceDate "2017.10.13"]
[SourceVersion "1"]
[SourceVersionDate "2017.10.13"]
[SourceQuality "1"]
[WhiteTeam "Groningen Combinatie"]
[BlackTeam "Rotterdam Pathena"]
[WhiteTeamCountry "NED"]
[BlackTeamCountry "NED"]

1. e4 c5 2. Nf3 e6 3. b3 b6 4. Bd3 Bb7 5. 0-0 d6 6. Re1 Nd7 7. Bb2 Ngf6 8. a4 Be7 9. Na3 0-0 10. a5 e5 11. a6 Bc6 12. Bb5 Bxe4 13. d3 Bg6 14. Bc6 Rc8 15. Bb7 Rc7 16. Nb5 Rxb7 17. axb7 a5 18. Nd2 Bh5 19. Qb1 Qb8 20. Nc4 Ne8 21. d4 cxd4 22. Nxd4 Bf6 23. Nf5 Bg6 24. Nce3 d5 25. Ba3 d4 26. Bxf8 dxe3 27. Nxe3 Kxf8 28. b4 a4 29. Rxa4 Qxb7 30. Qa2 Qc6 31. Ra7 Bg5 32. Qd5 Qxd5 33. Nxd5 Bf5 34. Ra8 Be6 35. Nc7 Ndf6 36. Rxe5 Bf4 37. Nxe6+ fxe6 38. Rxe6 Bc7 39. Rc6 Ke7 40. Ra7 Kd8 41. c4 Kc8 42. b5 Nd7 43. Ra8+ Nb8 44. Re6 Nd6 45. c5 Nxb5 46. cxb6 Bd6 47. Ra5 Kd7 48. Re3 Kc6 49. Rd3 Be7 50. b7 Bf6 51. Rb3 Nd4 52. Rb1 Kc7 53. Rc5+ Ndc6 54. Rc4 Be5 55. Kf1 Kd6 56. Ke2 Kd5 57. Kd3 Bd6 58. Rb5+ Ke6 59. f4 Kd7 60. Ke4 Ke6 61. g4 Kd7 62. Rb6 Kc7 63. Rbxc6+ Nxc6 64. b8Q+ 1-0

[Event "NED-chT 1617"]
[Site "Netherlands"]
[Date "2016.12.17"]
[Round "5.5"]
[White "Blees, Albert"]
[Black "Vandenbussche, Thibaut"]
[Result "1-0"]
[WhiteElo "2381"]
[BlackElo "2401"]
[PlyCount "157"]
[EventDate "2016.09.17"]
[EventType "team-tourn"]
[EventRounds "9"]
[EventCountry "NED"]
[SourceTitle "EXT 2018"]
[Source "ChessBase"]
[SourceDate "2017.10.13"]
[SourceVersion "1"]
[SourceVersionDate "2017.10.13"]
[SourceQuality "1"]
[WhiteTeam "Rotterdam Pathena"]
[BlackTeam "Charlois Europoort"]
[WhiteTeamCountry "NED"]
[BlackTeamCountry "NED"]

1. e4 d6 2. d4 Nf6 3. Nc3 e5 4. Nf3 Nbd7 5. Bc4 Be7 6. 0-0 0-0 7. Re1 a6 8. a4 b6 9. b3 c6 10. d5 cxd5 11. Bxd5 Rb8 12. h3 Qc7 13. Qd3 Nc5 14. Qc4 a5 15. Qe2 Ba6 16. Bc4 Bb7 17. Nd2 Ncxe4 18. Ndxe4 Nxe4 19. Nxe4 d5 20. Bd3 dxe4 21. Bxe4 Bxe4 22. Qxe4 Bb4 23. Rd1 Bc3 24. Rb1 Bd4 25. c4 f5 26. Qd5+ Kh8 27. Ba3 Rf6 28. Bb2 Rd8 29. Qf3 e4 30. Qe2 Rfd6 31. Bxd4 Rxd4 32. Rxd4 Rxd4 33. Rd1 Qd6 34. Rxd4 Qxd4 35. g3 h6 36. h4 Kg8 37. Kg2 g6 38. Qe1 Qd3 39. Qc1 Kh7 40. c5 bxc5 41. Qxc5 Qxb3 42. Qxa5 Qf3+ 43. Kg1 e3 44. Qa7+ Kg8 45. Qxe3 Qd1+ 46. Kh2 Qxa4 47. Qxh6 Kf7 48. h5 gxh5 49. Qxh5+ Ke6 50. Qg6+ Ke5 51. Qg7+ Ke6 52. Kh3 Qc2 53. f4 Kd6 54. Qf6+ Kd7 55. Qe5 Kd8 56. Qe6 Kc7 57. Qd5 Kc8 58. Qd6 Kb7 59. Qd8 Ka7 60. Qe7+ Kb8 61. Qe1 Kc7 62. Kh4 Qh2+ 63. Kg5 Qh3 64. Qe3 Kd6 65. Kg6 Kc6 66. Qe6+ Kc7 67. Qe7+ Kc8 68. Qh4 Qg2 69. Qh8+ Kd7 70. Qd4+ Ke7 71. Qf6+ Ke8 72. Kxf5 Qc2+ 73. Kg5 Qf2 74. g4 Qd2 75. Kg6 Qd3+ 76. f5 Qf3 77. g5 Qd3 78. Qe6+ Kd8 79. Kg7 1-0

[Event "Amsterdam Science Park op-A"]
[Site "Amsterdam"]
[Date "2016.07.12"]
[Round "4"]
[White "Heemskerk, Wim"]
[Black "Blees, Albert"]
[Result "0-1"]
[WhiteElo "2201"]
[BlackElo "2391"]
[PlyCount "148"]
[EventDate "2016.07.09"]
[EventType "swiss"]
[EventRounds "9"]
[EventCountry "NED"]
[SourceTitle "CBM 173 Extra"]
[Source "ChessBase"]
[SourceDate "2016.08.29"]
[SourceVersion "1"]
[SourceVersionDate "2016.08.29"]
[SourceQuality "1"]

1. Nf3 d5 2. g3 Nf6 3. Bg2 e6 4. 0-0 Be7 5. d4 0-0 6. c4 b6 7. Nc3 Bb7 8. Ne5 Na6 9. Bf4 c5 10. cxd5 exd5 11. Bh3 Nc7 12. Qa4 cxd4 13. Nc6 Bxc6 14. Qxc6 Ne6 15. Bxe6 dxc3 16. Bh3 cxb2 17. Rab1 Bc5 18. Bg5 Qe8 19. Qxe8 Nxe8 20. Rxb2 h6 21. Bf4 Nf6 22. Bf5 Ne4 23. Rc2 Rfe8 24. Kg2 g5 25. Bc1 Re7 26. Rd1 d4 27. Bxe4 Rxe4 28. Rd3 Rd8 29. Kf1 f6 30. e3 Kf7 31. f3 Ree8 32. e4 h5 33. h3 g4 34. hxg4 hxg4 35. Kg2 Re5 36. Bb2 gxf3+ 37. Kxf3 f5 38. exf5 Rxf5+ 39. Kg4 Ke6 40. Re2+ Re5 41. Red2 Re4+ 42. Kf3 Kd5 43. Kg2 Rde8 44. Kf3 Rf8+ 45. Kg2 Kc4 46. Rb3 a5 47. Rc2+ Kd5 48. Bc1 Rfe8 49. Kf3 Re1 50. Rd3 Rf1+ 51. Kg2 Ree1 52. Bf4 Ke4 53. Rcd2 Rg1+ 54. Kh3 Rh1+ 55. Kg2 Reg1+ 56. Kf2 Rf1+ 57. Kg2 Rhg1+ 58. Kh3 Rb1 59. Kh2 Rge1 60. Kh3 a4 61. Bg5 a3 62. Bf6 Rb2 63. Rxd4+ Bxd4 64. Rxd4+ Kf5 65. Rf4+ Ke6 66. Bc3 Rh1+ 67. Kg4 Rc1 68. Rf3 Rxa2 69. Bg7 Rc4+ 70. Kh3 Kd5 71. Bf8 Ra4 72. Rb3 Kc6 73. g4 Ra1 74. Bg7 Rh1+ 0-1

[Event "Amsterdam Science Park op-A"]
[Site "Amsterdam"]
[Date "2016.07.11"]
[Round "3"]
[White "Blees, Albert"]
[Black "Alekseev, Evgeny V"]
[Result "0-1"]
[WhiteElo "2391"]
[BlackElo "2626"]
[PlyCount "68"]
[EventDate "2016.07.09"]
[EventType "swiss"]
[EventRounds "9"]
[EventCountry "NED"]
[SourceTitle "CBM 173 Extra"]
[Source "ChessBase"]
[SourceDate "2016.08.29"]
[SourceVersion "1"]
[SourceVersionDate "2016.08.29"]
[SourceQuality "1"]

1. d4 d5 2. c4 e6 3. Nf3 Nf6 4. Nc3 Bb4 5. e3 0-0 6. a3 Bxc3+ 7. bxc3 c5 8. Bd3 Qc7 9. Qc2 dxc4 10. Bxc4 b6 11. Bd3 Bb7 12. 0-0 Nbd7 13. Qe2 Be4 14. Bb2 Bxd3 15. Qxd3 Qb7 16. Rfd1 Rfc8 17. a4 h6 18. h3 Rc7 19. Nd2 Rd8 20. a5 b5 21. dxc5 Rxc5 22. c4 Rdc8 23. a6 Qc6 24. cxb5 Qxb5 25. Qxb5 Rxb5 26. Bd4 e5 27. Bxa7 Ra8 28. Bd4 exd4 29. e4 Nc5 30. a7 Rb4 31. e5 Nfd7 32. Ra5 Nb7 33. Ra3 Nxe5 34. Nb3 Nc6 0-1

[Event "Delft Prinsenstad op 9th"]
[Site "Delft"]
[Date "2016.03.27"]
[Round "5"]
[White "Ducarmon, Quinten"]
[Black "Blees, Albert"]
[Result "1/2-1/2"]
[WhiteElo "2466"]
[BlackElo "2401"]
[PlyCount "59"]
[EventDate "2016.03.25"]
[EventType "swiss"]
[EventRounds "6"]
[EventCountry "NED"]
[SourceTitle "CBM 171 Extra"]
[Source "ChessBase"]
[SourceDate "2016.04.26"]
[SourceVersion "1"]
[SourceVersionDate "2016.04.26"]
[SourceQuality "1"]

1. e4 c5 2. Nf3 e6 3. d4 cxd4 4. Nxd4 Nc6 5. Nc3 d6 6. Be2 Nf6 7. 0-0 Be7 8. Be3 0-0 9. f4 Qc7 10. Kh1 Nxd4 11. Qxd4 e5 12. Qd2 exf4 13. Rxf4 Be6 14. Nb5 Qb8 15. Nd4 Qd8 16. Nxe6 fxe6 17. Bc4 Qc8 18. Qd3 Kh8 19. Raf1 a6 20. Bb3 b5 21. c3 Qd7 22. Bg1 Rae8 23. Qh3 Bd8 24. Bd4 Qe7 25. Bxf6 gxf6 26. Bd1 Rg8 27. Bh5 Ref8 28. Bg4 Re8 29. Bh5 Ref8 30. Bg4 1/2-1/2

[Event "Leiden Noteboom Memorial 76th"]
[Site "Leiden"]
[Date "2016.02.07"]
[Round "5"]
[White "Blees, Albert"]
[Black "Kerstens, Dennis"]
[Result "1-0"]
[WhiteElo "2399"]
[BlackElo "2232"]
[PlyCount "93"]
[EventDate "2016.02.05"]
[EventType "swiss"]
[EventRounds "6"]
[EventCountry "NED"]
[SourceTitle "CBM 170 Extra"]
[Source "ChessBase"]
[SourceDate "2016.02.25"]
[SourceVersion "1"]
[SourceVersionDate "2016.02.25"]
[SourceQuality "1"]

1. c4 Nf6 2. Nf3 d6 3. Nc3 e5 4. g3 c6 5. Bg2 a6 6. 0-0 b5 7. d4 Nbd7 8. Qb3 b4 9. Na4 Rb8 10. Rd1 e4 11. Ng5 d5 12. cxd5 cxd5 13. Bf4 Rb5 14. Rac1 h6 15. Nh3 g5 16. Bc7 Qe7 17. f3 Bg7 18. Nf2 0-0 19. fxe4 dxe4 20. Rc6 Re8 21. Bd6 Qd8 22. Bc7 Qe7 23. Bd6 Qd8 24. Be5 Bb7 25. Rd6 Qe7 26. Bh3 Nxe5 27. dxe5 Qxe5 28. Ng4 Nxg4 29. Bxg4 Bc8 30. Bxc8 Rxc8 31. Rd8+ Rxd8 32. Rxd8+ Bf8 33. Qc4 Kg7 34. Qc8 Bc5+ 35. Kg2 Be3 36. Rh8 Kg6 37. Qf8 g4 38. Rg8+ Kf6 39. Rxg4 Qf5 40. Qd6+ Qe6 41. Qd8+ Kf5 42. Rg8 Bg5 43. Qc7 e3 44. h4 Qe4+ 45. Kh2 Bf6 46. g4+ Qxg4 47. Qd7+ 1-0